| 000 | 00498nam a22001817a 4500 | ||
|---|---|---|---|
| 005 | 20260406123630.0 | ||
| 008 | 260406b |||||||| |||| 00| 0 eng d | ||
| 020 | _a9789385114021 | ||
| 041 | _aEnglish | ||
| 082 | _a345.06 ATR | ||
| 100 | _a Atrey, Abhishek | ||
| 245 |
_aLaw of Witnesses : _bRole of Witnesses in Criminal Justice System : A Need to Reform |
||
| 250 | _a1st | ||
| 260 |
_aNew Delhi: _b Kamal Publishers, _c1015. |
||
| 300 | _a452 p | ||
| 650 | _aLaw of Witnesses | ||
| 942 | _cDB | ||
| 999 |
_c9604 _d9604 |
||